000 00498nam a2200205Ia 4500
003 OSt
005 20140319131944.0
008 140130s9999 xx 000 0 und d
020 _a0590275984
050 _aPZ 7
_b.G448 1994
100 _aGibson, Akimi
245 _cAkimi Gibson
_aThere's a Hole in my pocket /
260 _bScholastic,
_c1994.
_aNew York :
300 _a16 p. :
_bcol. ill. ;
_c23 cm.
440 _v1
521 _aBR
526 _cBR
942 _cBK
_2lcc
999 _c41564
_d41564